<?xml version="1.0" encoding="UTF-8"?><record xmlns="http://www.loc.gov/MARC21/slim" xmlns:zs="http://docs.oasis-open.org/ns/search-ws/sruResponse">
  <leader>00815cz  a2200229n  4500</leader>
  <controlfield tag="001">n  79115283 </controlfield>
  <controlfield tag="003">DLC</controlfield>
  <controlfield tag="005">20120824074716.0</controlfield>
  <controlfield tag="008">800717n| azannaabn          |a aaa      </controlfield>
  <datafield ind1=" " ind2=" " tag="010">
    <subfield code="a">n  79115283 </subfield>
  </datafield>
  <datafield ind1=" " ind2=" " tag="035">
    <subfield code="a">(OCoLC)oca00347021</subfield>
  </datafield>
  <datafield ind1=" " ind2=" " tag="040">
    <subfield code="a">DLC</subfield>
    <subfield code="b">eng</subfield>
    <subfield code="e">rda</subfield>
    <subfield code="c">DLC</subfield>
    <subfield code="d">DLC</subfield>
    <subfield code="d">NjP</subfield>
    <subfield code="d">DLC</subfield>
    <subfield code="d">OCoLC</subfield>
    <subfield code="d">DLC</subfield>
    <subfield code="d">ICU</subfield>
  </datafield>
  <datafield ind1=" " ind2=" " tag="046">
    <subfield code="f">1917</subfield>
    <subfield code="g">19881012</subfield>
  </datafield>
  <datafield ind1=" " ind2="0" tag="053">
    <subfield code="a">PQ6613.A772</subfield>
  </datafield>
  <datafield ind1="1" ind2=" " tag="100">
    <subfield code="a">García Serrano, Rafael</subfield>
  </datafield>
  <datafield ind1="1" ind2=" " tag="400">
    <subfield code="a">Serrano, Rafael García</subfield>
  </datafield>
  <datafield ind1="1" ind2=" " tag="400">
    <subfield code="a">Serrano, Rafael G.</subfield>
  </datafield>
  <datafield ind1=" " ind2=" " tag="670">
    <subfield code="a">His La fiel infantería, 1943.</subfield>
  </datafield>
  <datafield ind1=" " ind2=" " tag="670">
    <subfield code="a">Cantatas de mi mochila, c1992:</subfield>
    <subfield code="b">p. 4 of cover (d. Oct. 12, 1988)</subfield>
  </datafield>
  <datafield ind1=" " ind2=" " tag="670">
    <subfield code="a">Eugenio, o, Proclamación de la primavera, 1938:</subfield>
    <subfield code="b">t.p. (Rafael García Serrano)</subfield>
  </datafield>
  <datafield ind1=" " ind2=" " tag="670">
    <subfield code="a">Los toros de Iberia, 1995:</subfield>
    <subfield code="b">t.p. (Rafael García Serrano) p. 2 of cover (b. 1917; d. 1988)</subfield>
  </datafield>
  <datafield ind1=" " ind2=" " tag="678">
    <subfield code="a">b. 1917</subfield>
  </datafield>
</record>
